Ekonomické hodnotenie investičného zámeru bieliaceho roztoku v celulózke : Diplomová práca

Salvato in:
Dettagli Bibliografici
Autore principale: Koprdová, Alexandra (Autore)
Altri autori: Nováková, Renáta, 1968- (xxx)
Natura: Manoscritto Libro
Lingua:slovacco
Pubblicazione: Trnava : STU v Bratislave MtF KMK, 1999
Soggetti:
Tags: Aggiungi Tag
Nessun Tag, puoi essere il primo ad aggiungerne!!

MARC

LEADER 00000ntm a22000003a 4500
001 stu53331
005 20160719155230.1
008 000427s1999----xo------------------slo-d
040 |a STU  |b slo 
041 0 |a slo 
044 |a xo 
100 1 |a Koprdová, Alexandra  |4 aut 
245 1 |a Ekonomické hodnotenie investičného zámeru bieliaceho roztoku v celulózke :  |b Diplomová práca 
260 |a Trnava :  |b STU v Bratislave MtF KMK,  |c 1999 
300 |a 52 s  |c výťah 
650 7 |a Investície podnikové-hodnotenie ekonomické  |2 stusub 
650 7 |a manažment priemyselných podnikov  |2 stusub 
700 1 |a Nováková, Renáta,  |d 1968-  |4 xxx  |u M300  |U MTF Ústav priemyselného inžinierstva a manažmentu  |T MTF Katedra inžinierstva kvality  |X 1481  |U M300  |Y M300  |7 A000001481 
996 |b 284M012564  |c M*DP-315  |l MMSKP  |s P  |a 0  |w stu53331_0001